Normal view
MARC view
- Shakir Khan
Entry Personal Name
001 - CONTROL NUMBER
- control field: 48267
003 - CONTROL NUMBER IDENTIFIER
- control field: NUST
005 - DATE AND TIME OF LATEST TRANSACTION
- control field: 20210314134020.0
008 - FIXED-LENGTH DATA ELEMENTS
- fixed length control field: 210314|| aca||aabn | a|a d
040 ## - CATALOGING SOURCE
- Original cataloging agency: NUST
- Transcribing agency: NUST
100 ## - HEADING--PERSONAL NAME
- Personal name: Shakir Khan
670 ## - SOURCE DATA FOUND
- Source citation: Work cat.: (NUST): Shakir Khan, Use of marble slurry as filler material and crushed stone waste as replacement of sand in concrete properties, 2013
